Statistics for Country to Capital - Multiple Choice

Click here to take the quiz!

General Stats

  • This quiz has been taken 142 times
  • The average score is 17 of 20

Answer Stats

QuestionAnswer% Correct
SpainMadrid
98%
GermanyBerlin
97%
ItalyRome
97%
United StatesWashington D.C.
97%
ChinaBeijing
96%
NetherlandsAmsterdam
94%
BrazilBrasília
93%
AustraliaCanberra
93%
Saudi ArabiaRiyadh
91%
SwedenStockholm
91%
CanadaOttawa
89%
TurkeyAnkara
88%
VietnamHanoi
81%
RomaniaBucharest
80%
LiechtensteinVaduz
80%
ParaguayAsunción
73%
HondurasTegucigalpa
69%
NigeriaAbuja
65%
KyrgyzstanBishkek
65%
GabonLibreville
50%

Score Distribution

Percentile by Number Answered

Percent of People with Each Score

Your Score History

You have not taken this quiz